000
00305nam a22001337a 4500
003
SGT
082
_a
320
_b
T83G
100
_a
GANDHI, ARUN
245
_a
THE MORARJI PAPERS: FALL OF THE JANATA GOVERNMENT
260
_b
VISION BOOKS
_c
1983
300
_a
256
650
_a
POLITICAL SCIENCE
942
_2
ddc
_c
BK
999
_c
28140
_d
28140